000 00572nam a22001577a 4500
999 _c330358
_d330358
003 NUST
005 20170622110645.0
008 170622b xxu||||| |||| 00| 0 eng d
020 _a9781138026926
040 _c0
082 _a620 TRE
100 _aTrevelyan, James P.
_93062
245 _aThe making of an Expert Engineer
_cJames P.Trevelyan
260 _aLondon
_bCRC Press
_c2014
300 _axxix, 581 p.
500 _aIncludes index
501 _aP.B
650 _a1. Computer--aided engineering. 2. Engineering design---Data Processing.
_93063
942 _cBK
_2ddc
_kIESE